|
|
|
|
| LEADER |
00781nam a2200205 a 4500 |
| 001 |
000682319 |
| 003 |
CZ BrMZK |
| 005 |
20030822102629.0 |
| 007 |
ta |
| 008 |
030818s1828 xr f ger d |
| 040 |
|
|
|a BOA001
|b cze
|c BOA001
|
| 100 |
1 |
|
|a Kreibich, František Jakub Jindřich,
|d 1759-1833
|7 jk01063153
|4 aut
|
| 245 |
1 |
0 |
|a Charte vom Beranner Kreise des Königreichs Böheim nach zuverlässigen astronomischen Ortsbestimmungen und geographischen Hülfsmitteln entworfen und gezeichnet /
|c von František Jakub Jindřich Kreibich
|
| 260 |
|
|
|a Prag :
|b Enders,
|c 1828
|
| 300 |
|
|
|a 1 l.
|
| 910 |
|
|
|a BOA001
|b 1-0081.585
|
| 964 |
|
|
|a Bohemika - stol. 19.
|
| 990 |
|
|
|a BK
|
| 993 |
|
|
|a Y
|
| 996 |
6 |
|
|b 2619325327
|c 1-0081.585
|l MZK
|r Sklad / do 1 hodiny
|n 1
|w 000682319
|u 000020
|a 1
|e BOA001
|j MZK50
|s P
|